=LDR 00000nam 2200000 4500 =001 INLIS000000000023512 =005 20130612122154 =008 ***********************************ind** =035 ##$$0010-061300000023512 =041 ##$$a ind =082 ##$$a 500 =090 ##$$a 500, DEW a =100 ##$$a Dewiyana, Ana P =245 ##$$a Azka dan rahasia energi, Ana P. Dewiyana =250 ##$$a Seri Tahu banyak Tahu =260 ##$$a 2004 $b Bandung =300 ##$$a 28 hlm., ilus., 19 cm =650 ##$$a Seins Praktis =850 ##$$a NBPNMAT